Southville International School and Colleges
Your cart is empty.
  • Cart
  • Lists
    Public lists Eva Luna New books Lux_list list_1
    Your lists Log in to create your own lists
  • Log in to your account
  • Your cookies
  • Search history
Southville International School and Colleges
  • Advanced search
  • Recent comments
  • Most popular
  • Libraries

Log in to your account

Log in with GOOGLE


If you do not have an external account, but do have a local account, you can still log in:

  1. Home
  2. MARC view: The financial times on management :
Normal view MARC view ISBD view

The financial times on management : (Record no. 283775)

[ view plain ]
MARC details
000 -LEADER
fixed length control field 01548cam a2200349 a 4500
001 - CONTROL NUMBER
control field 4895929
003 - CONTROL NUMBER IDENTIFIER
control field PILC
005 - DATE AND TIME OF LATEST TRANSACTION
control field 20150318100656.0
008 - FIXED-LENGTH DATA ELEMENTS--GENERAL INFORMATION
fixed length control field 930812s1992 enk b 001 0 eng d
010 ## - LIBRARY OF CONGRESS CONTROL NUMBER
LC control number 93163032
020 ## - INTERNATIONAL STANDARD BOOK NUMBER
International Standard Book Number 0273600060
035 ## - SYSTEM CONTROL NUMBER
System control number (OCoLC)27435661
040 ## - CATALOGING SOURCE
Original cataloging agency EUN
Transcribing agency EUN
Modifying agency CU-I
-- DLC
042 ## - AUTHENTICATION CODE
Authentication code lccopycat
050 00 - LIBRARY OF CONGRESS CALL NUMBER
Classification number HD 30
Item number .F56 1993
082 00 - DEWEY DECIMAL CLASSIFICATION NUMBER
Classification number 658
245 04 - TITLE STATEMENT
Title The financial times on management :
Remainder of title grappling with change and uncertainty /
Statement of responsibility, etc [edited by], Christopher Lorenz and Nicholas Leslie.
260 ## - PUBLICATION, DISTRIBUTION, ETC. (IMPRINT)
Place of publication, distribution, etc London :
Name of publisher, distributor, etc Financial Times :
-- Pitman,
Date of publication, distribution, etc 1992.
300 ## - PHYSICAL DESCRIPTION
Extent viii, 232 pages :
Dimensions 24 cm.
500 ## - GENERAL NOTE
General note Selection of articles originally appearing in the Financial times.
500 ## - GENERAL NOTE
General note "Financial times / Pitman Publishing series"--Jacket.
504 ## - BIBLIOGRAPHY, ETC. NOTE
Bibliography, etc Includes bibliographical references and index.
505 0# - FORMATTED CONTENTS NOTE
Formatted contents note Cracking the cultural mould -- Wrestling with reorganisation -- Making total quality a way of life -- Making sense of human resources -- Training on trial -- Corporate governance--striking the right balance -- Coping with short-termism -- Recession--a survivor's guide -- Eastern Europe--opportunity or risk?
650 #0 - SUBJECT ADDED ENTRY--TOPICAL TERM
Topical term or geographic name as entry element Management.
650 #0 - SUBJECT ADDED ENTRY--TOPICAL TERM
Topical term or geographic name as entry element Industrial management.
700 1# - ADDED ENTRY--PERSONAL NAME
Personal name Lorenz, Christopher,
Dates associated with a name 1946-
700 1# - ADDED ENTRY--PERSONAL NAME
Personal name Leslie, Nicholas.
730 0# - ADDED ENTRY--UNIFORM TITLE
Uniform title Financial times (London, England)
906 ## - LOCAL DATA ELEMENT F, LDF (RLIN)
a 7
b cbc
c copycat
d 3
e ncip
f 19
g y-gencatlg
942 ## - ADDED ENTRY ELEMENTS (KOHA)
Source of classification or shelving scheme Library of Congress Classification
Koha item type Books
Holdings
Withdrawn status Lost status Source of classification or shelving scheme Damaged status Home library Current library Shelving location Date acquired Source of acquisition Sub Shelving location Total Checkouts Full call number Barcode Date last seen Price effective from Koha item type
    Library of Congress Classification   Southville International School Affiliated with Foreign Universities Library Southville International School Affiliated with Foreign Universities Library Southville Foreign University Section 03/18/2015 Library Fund     HD 30 .F56 1993 SFU1822 05/15/2018 03/18/2015 Books

The financial times on management :

APA

Lorenz C., Leslie N., . (1992). The financial times on management. London: Financial Times.

Chicago

Lorenz Christopher, Leslie Nicholas, . 1992. The financial times on management. London: Financial Times.

Harvard

Lorenz C., Leslie N., . (1992). The financial times on management. London: Financial Times.

MLA

Lorenz Christopher, Leslie Nicholas, . The financial times on management. London: Financial Times. 1992.

  • Place hold
  • Print
  • Cite
  • Add to your cart (remove)
  • Save record
    BIBTEX Dublin Core MARCXML MARC (non-Unicode/MARC-8) MARC (Unicode/UTF-8) MARC (Unicode/UTF-8, Standard) MODS (XML) RIS
  • More searches
    Search for this title in:
    Other Libraries (WorldCat) Other Databases (Google Scholar) Online Stores (Bookfinder.com) Open Library (openlibrary.org)

Exporting to Dublin Core...

SOUTHVILLE LIBRARY

Southville International School and Colleges Library

1281 Tropical Ave. Cor. Luxembourg St., BF Homes International, Las Pinas City

Tel. No. 8256374 / 252358 Loc. 117/146

Powered by Koha